स्वतंत्रता के क्रान्तिवीर / (Record no. 120143)
[ view plain ]
| 000 -LEADER | |
|---|---|
| fixed length control field | 01220nam a22002657a 4500 |
| 005 - DATE AND TIME OF LATEST TRANSACTION | |
| control field | 20170124103153.0 |
| 010 ## - LIBRARY OF CONGRESS CONTROL NUMBER | |
| LC control number | B-138318 |
| 020 ## - INTERNATIONAL STANDARD BOOK NUMBER | |
| Terms of availability | 160.00 |
| International Standard Book Number | 8190237217 |
| 035 ## - SYSTEM CONTROL NUMBER | |
| System control number | B-138318 |
| 037 ## - SOURCE OF ACQUISITION | |
| Source of stock number/acquisition | Cen Lib/Ret |
| 040 ## - CATALOGING SOURCE | |
| Original cataloging agency | DPL |
| Language of cataloging | HN |
| 082 ## - DEWEY DECIMAL CLASSIFICATION NUMBER | |
| Classification number | 954.0841 |
| Item number | श्रीमाली |
| 100 ## - MAIN ENTRY--PERSONAL NAME | |
| Personal name | श्रीमाली, अशोक |
| 9 (RLIN) | 88746 |
| 245 ## - TITLE STATEMENT | |
| Title | स्वतंत्रता के क्रान्तिवीर / |
| Statement of responsibility, etc | अशोक श्रीमाली |
| 246 ## - VARYING FORM OF TITLE | |
| Title proper/short title | Swatantrata ke krantivir / |
| Remainder of title | by Ashok Shrimali |
| 260 ## - PUBLICATION, DISTRIBUTION, ETC. (IMPRINT) | |
| Place of publication, distribution, etc | बीकानेर |
| Name of publisher, distributor, etc | हिन्दी पुस्तक सदन |
| Date of publication, distribution, etc | 2005 |
| 270 ## - ADDRESS | |
| Address | सिटी लाइट वाला गली, जोशीवाडा |
| City | बीकानेर |
| Postal code | 334005 |
| 300 ## - PHYSICAL DESCRIPTION | |
| Extent | 128पृ. |
| Dimensions | 21सेमी(सजिल्द) |
| 500 ## - GENERAL NOTE | |
| General note | अनुक्रमणिका शामिल |
| 650 ## - SUBJECT ADDED ENTRY--TOPICAL TERM | |
| Topical term or geographic name as entry element | 1857 की क्रांति |
| 9 (RLIN) | 88747 |
| 650 ## - SUBJECT ADDED ENTRY--TOPICAL TERM | |
| Topical term or geographic name as entry element | स्वतंत्रता सेनानी--तात्या टोपे |
| 9 (RLIN) | 88748 |
| 650 ## - SUBJECT ADDED ENTRY--TOPICAL TERM | |
| Topical term or geographic name as entry element | Revolution of 1857 |
| 9 (RLIN) | 88749 |
| 650 ## - SUBJECT ADDED ENTRY--TOPICAL TERM | |
| Topical term or geographic name as entry element | Freedom Fighter-- Tateya Tope |
| 9 (RLIN) | 88750 |
| 942 ## - ADDED ENTRY ELEMENTS (KOHA) | |
| Source of classification or shelving scheme | Dewey Decimal Classification |
| Koha item type | Hindi Books |
| Classification part | 954.0841 |
| Call number suffix | श्रीमाली |
| Withdrawn status | Lost status | Damaged status | Not for loan | Home library | Current library | Date acquired | Source of acquisition | Cost, normal purchase price | Total Checkouts | Full call number | Barcode | Date last seen | Date checked out | Copy number | Cost, replacement price | Price effective from | Koha item type |
|---|---|---|---|---|---|---|---|---|---|---|---|---|---|---|---|---|---|
| Central Library | Central Library | 21/09/2015 | Cen Lib/Ret | 160.00 | 1 | 954.0841 श्रीमाली | B-138318 | 17/03/2018 | 03/03/2018 | 1 | 160.00 | 21/09/2015 | Hindi Books |
